|
|
|
|
| LEADER |
00592nam a22001937a 4500 |
| 003 |
OSt |
| 999 |
|
|
|c 194706
|d 194706
|
| 020 |
|
|
|a 9789353061074
|
| 082 |
|
|
|a 330.015 195
|b GRE/CL
|
| 100 |
|
|
|a Greene, William H.
|
| 245 |
|
|
|a Econometric analysis
|
| 250 |
|
|
|a 8
|
| 260 |
|
|
|a New Delhi
|b Pearson Education
|c 2018
|
| 300 |
|
|
|a xl, 1126p.
|
| 546 |
|
|
|a English
|
| 650 |
|
|
|a Econometrics
|
| 650 |
|
|
|a Linear regression model
|
| 942 |
|
|
|2 ddc
|c BK
|
| 952 |
|
|
|0 0
|1 0
|2 ddc
|4 0
|6 330_015000000000000_195_GRE_CL
|7 0
|8 Gen
|9 201793
|a KAUCLV
|b KAUCLV
|c GENERAL
|d 2020-07-09
|g 925.00
|o 330.015 195 GRE/CL
|p 230595
|r 2020-07-09
|y BK
|